| 000 | 00548nam a2200217Ia 4500 | ||
|---|---|---|---|
| 003 | OSt | ||
| 005 | 20250721113628.0 | ||
| 008 | 210210b2017 xxu||||| |||| 00| 0 eng d | ||
| 020 | _a9789352734252 | ||
| 040 | _cAL | ||
| 041 | _aeng | ||
| 082 | _a657.46 BHAG | ||
| 100 |
_aBhaskara B G _962600 |
||
| 245 | _aGoods and services tax: law and practice | ||
| 260 |
_aMumbai _bHimalaya Publishing House _c2017 |
||
| 300 | _avi,254p | ||
| 690 |
_aIncome Tax _962601 |
||
| 700 |
_aGowda, Ramchandra M _962602 |
||
| 906 | _a071725 | ||
| 942 |
_2ddc _cBK |
||
| 999 |
_c121446 _d121446 |
||